000 00310 a2200109 4500
001 ART_48656
005 20260410161757.0
008 260409a
245 1 0 _aAcuerdo conclusivo voluntario
100 1 _aCoronello, Silvina E.
773 0 _tDoctrina tributaria
_g- N°469 (abr. 2019)
_wREV4296
999 _c20225
_d20225